[Event "Oberliga Bayern 0304"]
[Site "Bayern"]
[Date "2003.10.12"]
[Round "1.4"]
[White "Mandl, Robert"]
[Black "Junker, Rene"]
[Result "1-0"]
[WhiteElo "2279"]
[BlackElo "2160"]
[PlyCount "95"]
[EventDate "2003.10.12"]
[EventType "team-tourn"]
[EventRounds "9"]
[EventCountry "GER"]
[SourceTitle "EXT 2006"]
[Source "ChessBase"]
[SourceDate "2005.11.24"]
[SourceVersion "1"]
[SourceVersionDate "2005.11.24"]
[SourceQuality "1"]
[WhiteTeam "Regensburg Fortuna"]
[BlackTeam "Schwabach"]
[WhiteTeamCountry "GER"]
[BlackTeamCountry "GER"]

1. c4 e6 2. Nf3 d5 3. g3 Nf6 4. Bg2 Be7 5. 0-0 0-0 6. Qc2 c5 7. d4 cxd4 8. Nxd4 Nc6 9. Nxc6 bxc6 10. Rd1 Qb6 11. Be3 Bc5 12. Bxc5 Qxc5 13. Nd2 Rb8 14. Rac1 Qb6 15. b3 Ng4 16. e3 f5 17. cxd5 cxd5 18. Nf3 Bb7 19. Qc7 Rbc8 20. Qxb6 axb6 21. a4 Rxc1 22. Rxc1 Rc8 23. Rxc8+ Bxc8 24. b4 Kf8 25. Bf1 Ke7 26. h3 Nf6 27. Ne5 Kd6 28. Nf7+ Ke7 29. Ne5 Kd6 30. f4 Ne4 31. Kg2 Nc3 32. a5 bxa5 33. bxa5 Kc5 34. Bd3 Nd1 35. Kf3 Nb2 36. Ke2 Nc4 37. Bxc4 dxc4 38. Kd2 Kb4 39. Nc6+ Kb3 40. Nd4+ Kb2 41. Nb5 Ba6 42. Nc3 h5 43. Na4+ Kb1 44. Nc5 Kb2 45. Nxa6 c3+ 46. Ke2 c2 47. Nc5 c1N+ 48. Kd2 1-0

[Event "Mittelfranken-ch HT 52nd"]
[Site "Uttenreuth"]
[Date "2003.04.17"]
[Round "5"]
[White "Hirn, Oskar"]
[Black "Junker, Rene"]
[Result "1-0"]
[WhiteElo "2330"]
[BlackElo "2188"]
[PlyCount "52"]
[EventDate "2003.04.15"]
[EventType "swiss"]
[EventRounds "9"]
[EventCountry "GER"]
[SourceTitle "EXT 2011"]
[Source "ChessBase"]
[SourceDate "2010.11.26"]
[SourceVersion "1"]
[SourceVersionDate "2010.11.26"]
[SourceQuality "1"]

1. d4 Nf6 2. c4 e5 3. dxe5 Ng4 4. e4 Nxe5 5. Nc3 d6 6. f4 Nec6 7. Be3 f5 8. Bd3 fxe4 9. Bxe4 Be6 10. Qh5+ Bf7 11. Qb5 Qc8 12. Nf3 a6 13. Qa4 Be7 14. Nd5 0-0 15. 0-0-0 Re8 16. Qc2 h6 17. Bd2 a5 18. a3 Na6 19. Bc3 Nc5 20. Bh7+ Kf8 21. Rhf1 a4 22. Kb1 Nd7 23. Bf5 Qd8 24. Bxd7 Qxd7 25. Qh7 Qg4 26. Ng5 Ne5 1-0

[Event "Mittelfranken-ch HT 52nd"]
[Site "Uttenreuth"]
[Date "2003.04.16"]
[Round "3"]
[White "Junker, Rene"]
[Black "Puehn, Georg"]
[Result "1-0"]
[WhiteElo "2188"]
[BlackElo "2088"]
[PlyCount "89"]
[EventDate "2003.04.15"]
[EventType "swiss"]
[EventRounds "9"]
[EventCountry "GER"]
[SourceTitle "EXT 2011"]
[Source "ChessBase"]
[SourceDate "2010.11.26"]
[SourceVersion "1"]
[SourceVersionDate "2010.11.26"]
[SourceQuality "1"]

1. e4 c6 2. d4 d5 3. exd5 cxd5 4. c4 Nf6 5. Nc3 g6 6. Qb3 Bg7 7. cxd5 0-0 8. Nge2 b6 9. g3 Bb7 10. Bg2 Ne8 11. 0-0 Nd6 12. Bf4 Nd7 13. Rfe1 h6 14. Rac1 g5 15. Bxd6 exd6 16. Qa3 Nf6 17. Nb5 Ne8 18. Qd3 Qd7 19. Nbc3 Nc7 20. f4 f5 21. fxg5 hxg5 22. Qf3 Qf7 23. Rcd1 Rae8 24. h4 gxh4 25. gxh4 Qf6 26. Qh5 Re3 27. Kf2 Rfe8 28. Bf3 Qh6 29. Rg1 Qxh5 30. Bxh5 R8e7 31. Bf3 Kh7 32. Ng3 Bc8 33. Nf1 Bh6 34. Rh1 f4 35. Nxe3 fxe3+ 36. Ke1 Rf7 37. Be4+ Kh8 38. Rf1 Re7 39. Rf6 Bg7 40. Rxd6 Bg4 41. Rd8+ Ne8 42. Bg6 Bf6 43. Rxe8+ Rxe8 44. Bxe8 Bxh4+ 45. Kf1 1-0

[Event "Mittelfranken-ch HT 52nd"]
[Site "Uttenreuth"]
[Date "2003.04.15"]
[Round "1"]
[White "Junker, Rene"]
[Black "Zeltner, Ottmar"]
[Result "1/2-1/2"]
[WhiteElo "2188"]
[BlackElo "2010"]
[PlyCount "94"]
[EventDate "2003.04.15"]
[EventType "swiss"]
[EventRounds "9"]
[EventCountry "GER"]
[SourceTitle "EXT 2011"]
[Source "ChessBase"]
[SourceDate "2010.11.26"]
[SourceVersion "1"]
[SourceVersionDate "2010.11.26"]
[SourceQuality "1"]

1. e4 e5 2. Nf3 Nc6 3. Bc4 Nf6 4. d4 exd4 5. Ng5 d5 6. exd5 Na5 7. Bb5+ c6 8. dxc6 bxc6 9. Be2 h6 10. Nf3 c5 11. c3 Nc6 12. 0-0 Rb8 13. b3 Be7 14. Bb2 dxc3 15. Qxd8+ Bxd8 16. Nxc3 0-0 17. Na4 Re8 18. Bc4 Bg4 19. Nxc5 Bxf3 20. gxf3 Ne5 21. Bxe5 Rxe5 22. Nd3 Rg5+ 23. Kh1 Bb6 24. Rfe1 Rb7 25. Rad1 Rf5 26. f4 Kf8 27. Re5 Rxe5 28. fxe5 Ne4 29. Kg2 Rd7 30. Re1 Nc5 31. Nf4 Rd2 32. b4 Ne6 33. Nxe6+ fxe6 34. Rf1 Ke7 35. Kg3 Rd4 36. Bb3 Rxb4 37. f4 a5 38. f5 exf5 39. Rxf5 g5 40. e6 Bc7+ 41. Kg2 Rg4+ 42. Kh1 Rf4 43. Rd5 Kxe6 44. Rxa5+ Ke7 45. Ra7 Kd7 46. Kg2 Rg4+ 47. Kf2 Rh4 1/2-1/2

[Event "Oberliga Bayern 0203"]
[Site "Bayern"]
[Date "2003.03.30"]
[Round "9.4"]
[White "Junker, Rene"]
[Black "Urankar, Hans Peter"]
[Result "1/2-1/2"]
[WhiteElo "2184"]
[BlackElo "2108"]
[PlyCount "38"]
[EventDate "2002.10.20"]
[EventType "team"]
[EventRounds "9"]
[EventCountry "GER"]
[SourceTitle "EXT 2004"]
[Source "ChessBase"]
[SourceDate "2003.11.25"]
[SourceVersion "1"]
[SourceVersionDate "2003.11.25"]
[SourceQuality "1"]
[WhiteTeam "Schwabing"]
[BlackTeam "Muenchen Schwabing"]
[WhiteTeamCountry "GER"]
[BlackTeamCountry "GER"]

1. e4 g6 2. d4 d6 3. Nc3 c6 4. a4 Bg7 5. Be2 Nf6 6. Nf3 0-0 7. h3 Nbd7 8. 0-0 e5 9. dxe5 dxe5 10. Be3 Qe7 11. Qd3 a5 12. Rfd1 Re8 13. Qd6 Qxd6 14. Rxd6 Bf8 15. Rdd1 Bb4 16. Nd2 Nc5 17. f3 Be6 18. Nc4 Bxc4 19. Bxc4 Na6 1/2-1/2

[Event "Oberliga Bayern 0203"]
[Site "Bayern"]
[Date "2002.11.17"]
[Round "2.4"]
[White "Junker, Rene"]
[Black "Tran, Phat"]
[Result "0-1"]
[WhiteElo "2184"]
[BlackElo "2249"]
[PlyCount "108"]
[EventDate "2002.10.20"]
[EventType "team"]
[EventRounds "9"]
[EventCountry "GER"]
[SourceTitle "EXT 2004"]
[Source "ChessBase"]
[SourceDate "2003.11.25"]
[SourceVersion "1"]
[SourceVersionDate "2003.11.25"]
[SourceQuality "1"]
[WhiteTeam "Schwabing"]
[BlackTeam "Nuernberg NT"]
[WhiteTeamCountry "GER"]
[BlackTeamCountry "GER"]

1. e4 Nf6 2. Nc3 e5 3. f4 d6 4. Nf3 Nc6 5. Bc4 Be7 6. d3 Bg4 7. h3 Bxf3 8. Qxf3 Na5 9. Bb3 Nxb3 10. axb3 c6 11. 0-0 0-0 12. fxe5 dxe5 13. Be3 Nd7 14. Ne2 Bc5 15. Bxc5 Nxc5 16. Qf5 Qd6 17. Kh1 Ne6 18. Qg4 Kh8 19. Ng3 f6 20. Nf5 Qc7 21. Rf2 Rae8 22. Raf1 a5 23. Nh4 Nd4 24. Nf5 Qd7 25. Ne3 Qd8 26. h4 Rf7 27. h5 Ref8 28. Qh4 Kg8 29. Qg4 b5 30. h6 g6 31. Qh4 Qd6 32. g4 g5 33. Qh2 Ne6 34. Nf5 Qb4 35. Ng3 Nf4 36. Nh5 Qd4 37. Nxf4 exf4 38. Rb1 c5 39. Rf3 Rd8 40. Qf2 Qe5 41. Qg2 Rfd7 42. Qe2 Qe6 43. Rg1 Rd4 44. Qe1 c4 45. bxc4 bxc4 46. dxc4 Qe5 47. Qc3 Qxe4 48. c5 Rd3 49. cxd3 Qxf3+ 50. Rg2 Qh3+ 51. Kg1 Rxd3 52. Qe1 Kf7 53. c6 f3 54. Rg3 f2+ 0-1

[Event "Pyramiden Franken Cup 5th"]
[Site "Fuerth"]
[Date "2002.09.06"]
[Round "7"]
[White "Guelke, Volker"]
[Black "Junker, Rene"]
[Result "0-1"]
[WhiteElo "2096"]
[BlackElo "2181"]
[PlyCount "62"]
[EventDate "2002.08.31"]
[EventType "swiss"]
[EventRounds "9"]
[EventCountry "GER"]
[SourceTitle "CBM 090 Extra"]
[Source "ChessBase"]
[SourceDate "2002.11.07"]
[SourceVersion "1"]
[SourceVersionDate "2002.11.07"]
[SourceQuality "1"]

1. e4 e5 2. Bc4 Bc5 3. Nf3 Nc6 4. 0-0 Nf6 5. Qe2 d6 6. c3 0-0 7. d3 a6 8. a4 Be6 9. Nbd2 Ba7 10. a5 Qd7 11. Bxe6 fxe6 12. Nc4 Qe8 13. Be3 Nh5 14. g3 Nf6 15. Bxa7 Rxa7 16. Rae1 Ra8 17. Ng5 h6 18. Nh3 Qg6 19. f4 Qg4 20. Kg2 Qxe2+ 21. Rxe2 exf4 22. Nxf4 e5 23. Ng6 Rfd8 24. Rf3 Kh7 25. Nh4 Rd7 26. Ref2 d5 27. exd5 Rxd5 28. b4 Rad8 29. h3 Rxd3 30. Re2 e4 31. Rfe3 Nd5 0-1

[Event "Pyramiden Franken Cup 5th"]
[Site "Fuerth"]
[Date "2002.09.03"]
[Round "4"]
[White "Junker, Rene"]
[Black "Schmidt, Volker"]
[Result "1-0"]
[WhiteElo "2181"]
[BlackElo "1853"]
[PlyCount "73"]
[EventDate "2002.08.31"]
[EventType "swiss"]
[EventRounds "9"]
[EventCountry "GER"]
[SourceTitle "CBM 090 Extra"]
[Source "ChessBase"]
[SourceDate "2002.11.07"]
[SourceVersion "1"]
[SourceVersionDate "2002.11.07"]
[SourceQuality "1"]

1. e4 c5 2. Nf3 e6 3. d4 cxd4 4. Nxd4 a6 5. c4 Qc7 6. Nc3 b6 7. Be3 Bb7 8. f3 d6 9. Qd2 Nd7 10. Be2 Ngf6 11. 0-0 Be7 12. Rac1 Rc8 13. b3 h5 14. Rfd1 0-0 15. Bf1 Ne5 16. Qf2 Nfd7 17. h3 Ng6 18. Nde2 Rb8 19. g4 hxg4 20. hxg4 Ba8 21. Nd4 Rfc8 22. Be2 Qd8 23. Qh2 Bf6 24. Kf2 Bxd4 25. Rxd4 Nde5 26. f4 Nc6 27. Rdd1 f5 28. gxf5 exf5 29. Rh1 Qf6 30. Nd5 Qe6 31. Qh7+ Kf7 32. exf5 Qxf5 33. Rh5 Qe4 34. Bf3 Qd3 35. Rd1 Qc2+ 36. Rd2 Qb1 37. Nc3 1-0

[Event "Landesliga Nord 0001"]
[Site "Bayern"]
[Date "2001.01.28"]
[Round "5"]
[White "Heimrath, Wolfgang"]
[Black "Junker, Rene"]
[Result "1/2-1/2"]
[WhiteElo "2175"]
[BlackElo "2150"]
[PlyCount "39"]
[EventDate "2000.10.15"]
[EventType "team-tourn"]
[EventRounds "9"]
[EventCountry "GER"]
[SourceTitle "EXT 2020"]
[Source "ChessBase"]
[SourceDate "2019.10.17"]
[SourceVersion "1"]
[SourceVersionDate "2019.10.17"]
[SourceQuality "1"]
[WhiteTeam "Zirndorf"]
[BlackTeam "Schwabach"]
[WhiteTeamCountry "GER"]
[BlackTeamCountry "GER"]

1. e4 e5 2. Nf3 Nc6 3. Bc4 Bc5 4. 0-0 d6 5. h3 Nf6 6. d3 0-0 7. c3 a6 8. b4 Ba7 9. a4 Ne7 10. Be3 Ng6 11. Re1 Be6 12. Bxe6 fxe6 13. Bxa7 Rxa7 14. d4 Nd7 15. Nbd2 Qf6 16. Nc4 Raa8 17. Ra2 Nf4 18. Re3 exd4 19. cxd4 Qg6 20. Nh4 1/2-1/2

[Event "Landesliga Nord 0001"]
[Site "Bayern"]
[Date "2001.01.14"]
[Round "4"]
[White "Oehrlein, Thomas"]
[Black "Junker, Rene"]
[Result "1/2-1/2"]
[WhiteElo "2165"]
[BlackElo "2150"]
[PlyCount "39"]
[EventDate "2000.10.15"]
[EventType "team-tourn"]
[EventRounds "9"]
[EventCountry "GER"]
[SourceTitle "EXT 2020"]
[Source "ChessBase"]
[SourceDate "2019.10.17"]
[SourceVersion "1"]
[SourceVersionDate "2019.10.17"]
[SourceQuality "1"]
[WhiteTeam "Bamberg SC II"]
[BlackTeam "Schwabach"]
[WhiteTeamCountry "GER"]
[BlackTeamCountry "GER"]

1. e4 e5 2. Nc3 Nf6 3. f4 d5 4. fxe5 Nxe4 5. Nf3 Be7 6. Be2 0-0 7. 0-0 Nc6 8. d4 f6 9. Bb5 Bg4 10. Qd3 Nxc3 11. Bxc6 bxc6 12. Qxc3 Bxf3 13. Rxf3 fxe5 14. Rxf8+ Bxf8 15. Qxc6 exd4 16. Bg5 Qe8 17. Qxd5+ Kh8 18. Qxd4 Qc6 19. Qd2 Qb6+ 20. Be3 1/2-1/2

[Event "Landesliga Nord 0001"]
[Site "Bayern"]
[Date "2000.10.15"]
[Round "1"]
[White "Junker, Rene"]
[Black "Goecke, Hermann"]
[Result "1-0"]
[WhiteElo "2150"]
[BlackElo "2015"]
[PlyCount "67"]
[EventDate "2000.10.15"]
[EventType "team-tourn"]
[EventRounds "9"]
[EventCountry "GER"]
[SourceTitle "EXT 2020"]
[Source "ChessBase"]
[SourceDate "2019.10.17"]
[SourceVersion "1"]
[SourceVersionDate "2019.10.17"]
[SourceQuality "1"]
[WhiteTeam "Schwabach"]
[BlackTeam "Erlangen TB"]
[WhiteTeamCountry "GER"]
[BlackTeamCountry "GER"]

1. e4 d5 2. exd5 Qxd5 3. Nc3 Qa5 4. d4 Nf6 5. Bc4 Bf5 6. Bd2 c6 7. Qe2 Qc7 8. 0-0-0 e6 9. Nf3 Nbd7 10. Nh4 Bg6 11. Nxg6 hxg6 12. d5 cxd5 13. Nxd5 Nxd5 14. Bxd5 0-0-0 15. Bf3 Bc5 16. Bc3 e5 17. Bd5 f6 18. h4 Qb6 19. Be1 f5 20. Rh3 Qf6 21. Qb5 Bb6 22. Bxb7+ Kxb7 23. Rxd7+ Rxd7 24. Qxd7+ Kb8 25. Qb5 Qe6 26. Ba5 Rd8 27. Bxb6 axb6 28. Ra3 Rd5 29. Qa6 Qc6 30. Qa7+ Kc8 31. Qxg7 Rd7 32. Qxe5 Qxg2 33. Qe8+ Rd8 34. Rc3+ 1-0

[Event "Nuremberg Zabo op 02nd"]
[Site "Nuremberg"]
[Date "2000.09.24"]
[Round "5"]
[White "Junker, Rene"]
[Black "Mengler, Marc"]
[Result "0-1"]
[WhiteElo "2151"]
[BlackElo "1765"]
[PlyCount "72"]
[EventDate "2000.09.22"]
[EventType "swiss"]
[EventRounds "5"]
[EventCountry "GER"]
[SourceTitle "EXT 2001"]
[Source "ChessBase"]
[SourceDate "2000.11.22"]
[SourceVersion "1"]
[SourceVersionDate "2000.11.22"]
[SourceQuality "1"]

1. e4 c5 2. Nf3 d6 3. d4 cxd4 4. Nxd4 Nf6 5. f3 g6 6. c4 Bg7 7. Be3 Nc6 8. Qd2 0-0 9. Nc3 Bd7 10. Be2 Rc8 11. Rc1 Ne5 12. b3 b6 13. 0-0 Re8 14. Rfd1 Qc7 15. Kh1 Qb7 16. a4 Nc6 17. Nxc6 Bxc6 18. b4 h5 19. b5 Bd7 20. a5 Be6 21. axb6 axb6 22. Na4 Nd7 23. Bd4 f6 24. Qe3 Nc5 25. Nc3 Ra8 26. Ra1 Kh7 27. f4 Bh6 28. Qf3 Bf7 29. Nd5 Kg7 30. Bxc5 dxc5 31. e5 f5 32. Nf6 Qxf3 33. Nxe8+ Rxe8 34. gxf3 Bxf4 35. Rd7 Bxe5 36. Rb7 Bxa1 0-1

[Event "Regionalliga NO 9900"]
[Site "Bayern"]
[Date "2000.??.??"]
[Round "5.5"]
[White "Junker, Rene"]
[Black "Schatz, Werner"]
[Result "1/2-1/2"]
[WhiteElo "2150"]
[BlackElo "1947"]
[PlyCount "87"]
[EventDate "1999.??.??"]
[EventType "team-tourn"]
[EventRounds "9"]
[EventCountry "GER"]
[SourceTitle "EXT 2020"]
[Source "ChessBase"]
[SourceDate "2019.10.17"]
[SourceVersion "1"]
[SourceVersionDate "2019.10.17"]
[SourceQuality "1"]
[WhiteTeam "Schwabach"]
[BlackTeam "Gunzenhausen"]
[WhiteTeamCountry "GER"]
[BlackTeamCountry "GER"]

1. e4 d5 2. exd5 Qxd5 3. Nc3 Qa5 4. d4 c6 5. Bc4 Bf5 6. Nf3 Nf6 7. Bd2 e6 8. Qe2 Bb4 9. 0-0-0 Nbd7 10. a3 Bxc3 11. Bxc3 Qc7 12. Ne5 Nxe5 13. dxe5 Nd5 14. Bxd5 cxd5 15. g4 Bg6 16. f4 Be4 17. Rhe1 Rc8 18. Rd4 0-0 19. h4 f5 20. g5 Rfd8 21. h5 Rd7 22. h6 g6 23. Rf1 Qc5 24. Qf2 b6 25. Qe2 b5 26. Rf2 a6 27. Kd1 Rdc7 28. Rd2 Qc4 29. Qxc4 Rxc4 30. Rd4 Kf7 31. Rfd2 Ke8 32. Rxc4 Rxc4 33. Rd4 Rxd4+ 34. Bxd4 Kd7 35. Kd2 Kc6 36. Kc3 Bf3 37. Kb4 Be4 38. c3 Bd3 39. b3 Bc2 40. Ka5 Bxb3 41. Kxa6 Bc4 42. Ka7 Bd3 43. Kb8 Kd7 44. Kb7 1/2-1/2

[Event "Mittelfranken Mitte-ch 9900"]
[Site "Zirndorf"]
[Date "2000.??.??"]
[Round "5"]
[White "Luther, Helmut"]
[Black "Junker, Rene"]
[Result "1/2-1/2"]
[WhiteElo "1951"]
[BlackElo "2144"]
[PlyCount "81"]
[EventDate "2000.01.22"]
[EventType "swiss"]
[EventRounds "7"]
[EventCountry "GER"]
[SourceTitle "EXT 2015"]
[Source "ChessBase"]
[SourceDate "2014.11.20"]
[SourceVersion "1"]
[SourceVersionDate "2014.11.20"]
[SourceQuality "1"]

1. d4 f5 2. g3 Nf6 3. Bg2 e6 4. Nf3 d5 5. 0-0 Bd6 6. c4 c6 7. Nc3 0-0 8. Rb1 dxc4 9. Ne5 Bxe5 10. dxe5 Qxd1 11. Rxd1 Nd5 12. Rd4 Nd7 13. f4 N7b6 14. e4 c5 15. Rxd5 exd5 16. exd5 Bd7 17. Be3 Rac8 18. e6 Bxe6 19. dxe6 Rfe8 20. Bxb7 Rc7 21. Bf3 Rxe6 22. Nd5 Rd7 23. Nxb6 axb6 24. Re1 Rd3 25. Kf2 Kf7 26. Bb7 b5 27. Bc8 Rf6 28. Re2 g6 29. Bb7 Rd7 30. Bf3 Rc7 31. Bd2 Rd7 32. Bc3 Ra6 33. a3 Rb6 34. Ba5 Rb8 35. Bc6 Rd1 36. Bd2 Rb6 37. Bf3 Rb8 38. Bc6 Rb6 39. Bf3 Ra6 40. Bd5+ Kf8 41. Bf3 1/2-1/2

[Event "Regionalliga NO 9900"]
[Site "Bayern"]
[Date "2000.??.??"]
[Round "9.4"]
[White "Schurig, Wilhelm"]
[Black "Junker, Rene"]
[Result "0-1"]
[WhiteElo "2070"]
[BlackElo "2145"]
[PlyCount "76"]
[EventDate "1999.??.??"]
[EventType "team-tourn"]
[EventRounds "9"]
[EventCountry "GER"]
[SourceTitle "EXT 2020"]
[Source "ChessBase"]
[SourceDate "2019.10.17"]
[SourceVersion "1"]
[SourceVersionDate "2019.10.17"]
[SourceQuality "1"]
[WhiteTeam "Weiden"]
[BlackTeam "Schwabach"]
[WhiteTeamCountry "GER"]
[BlackTeamCountry "GER"]

1. Nf3 d5 2. g3 Nf6 3. Bg2 c6 4. d3 Bf5 5. 0-0 e6 6. Nbd2 h6 7. Qe1 Be7 8. b3 0-0 9. Bb2 a5 10. a4 Na6 11. e4 Bh7 12. e5 Nd7 13. Qe2 Nb4 14. Ne1 Qb6 15. Kh1 c5 16. f4 Qa6 17. Bh3 Nc6 18. Ndf3 b5 19. f5 Bxf5 20. Bxf5 exf5 21. e6 Nb6 22. Ng2 bxa4 23. bxa4 Qc8 24. exf7+ Rxf7 25. Nfh4 Bf6 26. Bxf6 Rxf6 27. Qh5 Qe8 28. Qxe8+ Rxe8 29. Rxf5 Rxf5 30. Nxf5 Nb4 31. d4 Nxc2 32. Rb1 Nxa4 33. Rb7 Nxd4 34. Nxd4 cxd4 35. Ra7 Nc3 36. Nf4 a4 37. Nh5 d3 38. Rxg7+ Kf8 0-1

[Event "Nuremberg Zabo op 01st"]
[Site "Nuremberg"]
[Date "1999.09.26"]
[Round "5"]
[White "Junker, Rene"]
[Black "Tobisch, Manfred"]
[Result "1/2-1/2"]
[WhiteElo "2113"]
[BlackElo "2049"]
[PlyCount "62"]
[EventDate "1999.09.24"]
[EventType "swiss"]
[EventRounds "5"]
[EventCountry "GER"]
[SourceTitle "EXT 2001"]
[Source "ChessBase"]
[SourceDate "2000.11.22"]
[SourceVersion "1"]
[SourceVersionDate "2000.11.22"]
[SourceQuality "1"]

1. e4 c5 2. Nf3 Nc6 3. d4 cxd4 4. Nxd4 g6 5. Be3 Nf6 6. Nc3 Bg7 7. Bc4 Qa5 8. 0-0 0-0 9. Nb3 Qc7 10. f4 d6 11. Be2 b6 12. g4 Bb7 13. g5 Nd7 14. Nd5 Qd8 15. Nc3 Rc8 16. Nd4 Nxd4 17. Bxd4 Bxd4+ 18. Qxd4 Qc7 19. Bg4 Rcd8 20. Bxd7 Rxd7 21. Rf2 Qc5 22. Qd3 f5 23. gxf6 Rxf6 24. Nd5 Bxd5 25. Qxd5+ Qxd5 26. exd5 Rc7 27. c3 Rc4 28. Re1 Kf8 29. Rfe2 Rcxf4 30. Rxe7 Rf1+ 31. Kg2 R1f2+ 1/2-1/2

[Event "Nuremberg Zabo op 01st"]
[Site "Nuremberg"]
[Date "1999.09.25"]
[Round "3"]
[White "Junker, Rene"]
[Black "Hirn, Oskar"]
[Result "0-1"]
[WhiteElo "2113"]
[BlackElo "2276"]
[PlyCount "86"]
[EventDate "1999.09.24"]
[EventType "swiss"]
[EventRounds "5"]
[EventCountry "GER"]
[SourceTitle "EXT 2001"]
[Source "ChessBase"]
[SourceDate "2000.11.22"]
[SourceVersion "1"]
[SourceVersionDate "2000.11.22"]
[SourceQuality "1"]

1. e4 g6 2. d4 Bg7 3. Nc3 d6 4. Bc4 Nc6 5. Nf3 Nf6 6. d5 Nb8 7. 0-0 0-0 8. h3 Nbd7 9. Be3 Nb6 10. Bb3 c5 11. dxc6 bxc6 12. e5 Ne8 13. exd6 exd6 14. Re1 Bb7 15. Bg5 Nf6 16. Ne4 c5 17. Nxd6 Bxf3 18. gxf3 Qd7 19. Bxf6 Bxf6 20. Ne4 Qf5 21. Nxf6+ Qxf6 22. c3 c4 23. Bc2 Rad8 24. Qc1 Nd5 25. Qh6 Qxf3 26. Be4 Qf6 27. Bxd5 Rxd5 28. Re4 Rg5+ 29. Rg4 Rxg4+ 30. hxg4 Qf3 31. Qh4 Re8 32. Qg3 Qe2 33. b3 Qb2 34. Rd1 cxb3 35. axb3 Qxb3 36. Ra1 Qd5 37. Qg2 Qc5 38. Qb7 a5 39. Qd7 Re4 40. Kg2 Qxc3 41. Qd8+ Kg7 42. Qxa5 Rxg4+ 43. Kh2 Qf6 0-1

[Event "Pyramiden Franken Cup 2nd"]
[Site "Fuerth"]
[Date "1999.08.28"]
[Round "8"]
[White "Weigel, Herbert"]
[Black "Junker, Rene"]
[Result "0-1"]
[WhiteElo "2204"]
[BlackElo "2113"]
[PlyCount "76"]
[EventDate "1999.08.21"]
[EventType "swiss"]
[EventRounds "9"]
[EventCountry "GER"]
[SourceTitle "EXT 2000"]
[Source "ChessBase"]
[SourceDate "1999.11.16"]
[SourceVersion "1"]
[SourceVersionDate "1999.11.16"]
[SourceQuality "1"]

1. e4 e5 2. Nf3 Nc6 3. Bb5 a6 4. Ba4 Nf6 5. 0-0 Be7 6. d4 exd4 7. Re1 b5 8. Bb3 d6 9. Bd5 Bb7 10. Nxd4 Nxd4 11. Bxb7 Rb8 12. Bxa6 Ne6 13. a4 bxa4 14. Nc3 0-0 15. Nxa4 Rb4 16. Bd3 Qd7 17. b3 Rfb8 18. Ba3 R4b7 19. Bb2 Nf4 20. f3 N6h5 21. Bf1 Qe6 22. g4 Bh4 23. gxh5 Rb5 24. e5 Rd5 25. Qc1 Qf5 26. Qe3 Re8 27. Red1 Rdxe5 28. Bxe5 Rxe5 29. Qd2 h6 30. Nc3 Qg5+ 31. Kh1 d5 32. Ra8+ Kh7 33. Bd3+ f5 34. Rg1 Be1 35. Bxf5+ Qxf5 36. Rxe1 Qh3 37. Ne4 Qxf3+ 38. Kg1 Nh3# 0-1

[Event "Pyramiden Franken Cup 2nd"]
[Site "Fuerth"]
[Date "1999.08.25"]
[Round "5"]
[White "Junker, Rene"]
[Black "Schulte, Ralph"]
[Result "1-0"]
[WhiteElo "2113"]
[BlackElo "2350"]
[PlyCount "107"]
[EventDate "1999.08.21"]
[EventType "swiss"]
[EventRounds "9"]
[EventCountry "GER"]
[SourceTitle "EXT 2000"]
[Source "ChessBase"]
[SourceDate "1999.11.16"]
[SourceVersion "1"]
[SourceVersionDate "1999.11.16"]
[SourceQuality "1"]

1. e4 e5 2. Nf3 Nc6 3. Nc3 Nf6 4. Bb5 Bb4 5. 0-0 0-0 6. d3 d6 7. Bg5 Bxc3 8. bxc3 Qe7 9. Re1 Nd8 10. d4 Ne6 11. Bc1 c5 12. Bf1 Re8 13. d5 Nf8 14. Bg5 h6 15. Bd2 Bg4 16. c4 a6 17. a4 b6 18. h3 Bd7 19. Nh2 Ng6 20. Bd3 Reb8 21. c3 Qe8 22. Qb3 Nh5 23. Be2 Nhf4 24. Bxf4 exf4 25. Bg4 Ne5 26. Bxd7 Qxd7 27. f3 h5 28. Ra2 Qe7 29. Rb1 Qh4 30. Re2 Ra7 31. Qa2 Rab7 32. Reb2 g5 33. a5 Nd3 34. Rxb6 Rxb6 35. axb6 a5 36. Rd1 Ne5 37. Rb1 Nd3 38. b7 Kg7 39. Rd1 Rxb7 40. Rxd3 Qe1+ 41. Nf1 a4 42. Qc2 Rb1 43. Qf2 Qc1 44. e5 a3 45. Rd2 Rb2 46. exd6 a2 47. Rxb2 a1Q 48. d7 Qa8 49. Re2 Qd8 50. Qxc5 Qxd7 51. d6 Qxc3 52. Re7 Qa4 53. Qxg5+ Kf8 54. d7 1-0

[Event "Pyramiden Franken Cup 2nd"]
[Site "Fuerth"]
[Date "1999.08.21"]
[Round "1"]
[White "Junker, Rene"]
[Black "Chuchelov, Vladimir"]
[Result "0-1"]
[WhiteElo "2113"]
[BlackElo "2535"]
[PlyCount "74"]
[EventDate "1999.08.21"]
[EventType "swiss"]
[EventRounds "9"]
[EventCountry "GER"]
[SourceTitle "EXT 2000"]
[Source "ChessBase"]
[SourceDate "1999.11.16"]
[SourceVersion "1"]
[SourceVersionDate "1999.11.16"]
[SourceQuality "1"]

1. e4 c5 2. Nf3 e6 3. Nc3 a6 4. d4 cxd4 5. Nxd4 b5 6. Be3 Bb7 7. f3 Qc7 8. Qd2 Nf6 9. Be2 Nc6 10. Nxc6 Bxc6 11. a3 Be7 12. Bf4 d6 13. 0-0-0 Rd8 14. g4 Qb7 15. g5 Nd7 16. Bxd6 Ne5 17. Qf4 Rxd6 18. Qxe5 Rxd1+ 19. Rxd1 0-0 20. h4 Rc8 21. h5 Qb8 22. Qxb8 Rxb8 23. f4 a5 24. Bd3 b4 25. axb4 axb4 26. Ne2 e5 27. g6 fxg6 28. hxg6 exf4 29. gxh7+ Kh8 30. Nd4 Be8 31. Ne6 Rb6 32. Nc7 Bh5 33. Nd5 Bxd1 34. Nxb6 Bf3 35. Nd5 Bd6 36. e5 Bc5 37. e6 Bxd5 0-1

[Event "Regionalliga NO 9899"]
[Site "Bayern"]
[Date "1999.??.??"]
[Round "9.6"]
[White "Junker, Rene"]
[Black "Burggraf, Michael"]
[Result "1-0"]
[WhiteElo "2100"]
[BlackElo "2055"]
[PlyCount "61"]
[EventDate "1998.??.??"]
[EventType "team-tourn"]
[EventRounds "9"]
[EventCountry "GER"]
[SourceTitle "EXT 2020"]
[Source "ChessBase"]
[SourceDate "2019.10.17"]
[SourceVersion "1"]
[SourceVersionDate "2019.10.17"]
[SourceQuality "1"]
[WhiteTeam "Schwabach"]
[BlackTeam "Forchheim II"]
[WhiteTeamCountry "GER"]
[BlackTeamCountry "GER"]

1. e4 c6 2. d4 d5 3. e5 Bf5 4. h4 h5 5. c4 dxc4 6. Bxc4 e6 7. Nc3 Ne7 8. Nge2 Ng6 9. Bg5 Be7 10. Ng3 Bxg5 11. Nxf5 exf5 12. hxg5 b5 13. Be2 Qxg5 14. Nxb5 Qe7 15. Nd6+ Kf8 16. Rxh5 Rxh5 17. Bxh5 Nf4 18. g3 Ng6 19. Qd3 Nxe5 20. dxe5 Qxe5+ 21. Kf1 g6 22. Re1 Qxb2 23. Re8+ Kg7 24. Bf3 a5 25. Re2 Qc1+ 26. Re1 Qc5 27. Re8 a4 28. Qd1 Qc3 29. Qb1 Qxf3 30. Qb2+ f6 31. Qb7+ 1-0